Missing Word: 'O' Song Endings Quiz Stats

 Plays Quiz Updated Apr 29, 2018

Challenge
Share
Tweet
Embed
Score 0/18 Timer 04:00
4 Plays Today
Song Missing Word % Correct
Who Let the Dogs _____?Out
98.3%
With Arms Wide _____Open
97.3%
Hurting Each _____Other
93.4%
(Just Like) Starting _____Over
92.4%
On My _____Own
84.6%
Smooth _____Operator
76.7%
Doctor's _____Orders
71%
Space _____Oddity
68.8%
Apples and _____Oranges
66.8%
Song Missing Word % Correct
Walking to New _____Orleans
65.1%
It's Not Right but It's _____Okay
62.2%
Midnight at the _____Oasis
55.7%
Baba _____O'Riley
54%
More Bounce to the _____Ounce
53.8%
Principal's _____Office
49%
Green _____Onions
43.6%
Air Force _____Ones
36.8%
Love Is Like _____Oxygen
27.8%

Today's Daily Dose

Missing Word
'F' Pairs

Word Ladder
Mixed Synonyms

On This Day
August 15th II

You're not logged in!

Compare scores with friends on all Sporcle quizzes.
Join for Free
OR
Log In

You Might Also Like...

Show Comments

Extras

Top Quizzes Today


Score Distribution

Your Account Isn't Verified!

In order to create a playlist on Sporcle, you need to verify the email address you used during registration. Go to your Sporcle Settings to finish the process.

Report this User

Report this user for behavior that violates our Community Guidelines.

Details: